Manual de métodos de ecosistemas marinos y costeros con miras a establecer impactos ambientales: (Registro nro. 9098)

Detalles MARC
000 -CABECERA
Campo de control 01291nam a22002537a 4500
005 - FECHA Y HORA DE LA ULTIMA TRANSACCION
Campo de control 20160209020003.0
008 - ELEMENTOS DE LONGITUD FIJA—INFORMACION GENERAL
Campo de control 150320b2013 ck |||||r|||| 00| 0 spa d
040 ## - FUENTE DE CATALOGACIÓN
Agencia catalogadora original CO-BoIAvH
Agencia transcriptora CO-BoIAvH
041 ## - IDIOMA
Código de idioma para texto/pista de sonido o título separado Español
044 ## - PAÍS DE PUBLICACIÓN
País de publicación Colombia
082 04 - NUMERO DE CLASIFICACION DECIMAL DEWEY
Número de clasificación 578.77
Número del ítem B14m
245 00 - MENCION DE TITULO
Título Manual de métodos de ecosistemas marinos y costeros con miras a establecer impactos ambientales:
Parte restante del título convenio para fortalecimiento de los métodos de investigación marina para actividades costa afuera por parte del sector de hidrocarburos.
260 ## - PUBLICACION, DISTRIBUCION, ETC. (PIE DE IMPRENTA)
Lugar de publicación, distribución, etc. Santa Marta:
Nombre del editor, distribuidor, etc. Invemar,
-- Agencia Nacional de Hidrocarburos ANH,
Fecha de publicación, distribución, etc. 2013.
300 ## - DESCRIPCION FISICA
Extensión 2132 p.
Otros detalles físicos ilustraciones, tablas, fotografías a color.
Dimensiones 28 cm.
505 ## - NOTA DE CONTENIDO
Nota de contenido 1. Fitoplancton<br/>2. Zooplancton<br/>3. Ictioplancton<br/>4. Necton<br/>5. Fondos blandos<br/>6. Pradera de fanerógamas y fauna asociada<br/>7. Arrecifes de coral<br/>8. Litoral rocoso<br/>9. Litoral arenoso<br/>10. Manglares y fauna asociada a raices de manglar
650 #4 - ASIENTO SECUNDARIO DE MATERIA - TERMINO TEMATICO
Término temático o nombre geográfico como elemento de entrada Biología marina
9 (RLIN) 33601
650 #4 - ASIENTO SECUNDARIO DE MATERIA - TERMINO TEMATICO
Término temático o nombre geográfico como elemento de entrada Organismos marinos
9 (RLIN) 33602
650 #4 - ASIENTO SECUNDARIO DE MATERIA - TERMINO TEMATICO
Término temático o nombre geográfico como elemento de entrada Océanos
Subdivisión general biología
9 (RLIN) 33603
650 #4 - ASIENTO SECUNDARIO DE MATERIA - TERMINO TEMATICO
Término temático o nombre geográfico como elemento de entrada Biología de aguas saladas
9 (RLIN) 33604
650 #4 - ASIENTO SECUNDARIO DE MATERIA - TERMINO TEMATICO
Término temático o nombre geográfico como elemento de entrada Ecosistemas marinos
Subdivisión de forma manuales
9 (RLIN) 33605
650 #4 - ASIENTO SECUNDARIO DE MATERIA - TERMINO TEMATICO
Término temático o nombre geográfico como elemento de entrada Ecostistemas marinos
Subdivisión general impacto ambiental
9 (RLIN) 33606
700 1# - ASIENTO SECUNDARIO - NOMBRE PERSONAL
Nombre personal Baez Polo, Alex Ricardo
Término de relación editor
9 (RLIN) 33607
942 ## - ELEMENTOS ADICIONALES (KOHA)
Sistema de clasificación Dewey Decimal Classification
Tipo de ítem Libro
Koha issues (borrowed), all copies 1
Existencias
Withdrawn status Lost status Sistema de Clasificación Damaged status No para préstamo Colección Inventariado Ubicación Permanente Ubicación actual Fecha de adquisición Fuente de Valor Valor Total Checkouts Número topográfico Inventario / Código de Barras Date last seen Date checked out Ejemplar Price effective from Forma de adquisición Tipo de material
    Dewey Decimal Classification     General Inventariado 2017 Bogotá Bogotá 20/03/2015 Instituto 39000.00 1 LB-578.77 B14m 038960 08/02/2016 08/02/2016 Ej. 1 20/03/2015 Canje Libro